00354nam a2200145Ia 4500008004100000020001800041041000800059082001800067100002000085245001900105250000600124260003900130300001300169650002600182210716s2017 xx 000 0 und d a9789332582774 aeng a005.3002 SYRT aSyrstad, Tracy. aMy excel 2016. a1 aNew DelhibPearson Educationc2017 axvii,458 aComputer Fundamentals